[Event "SCG-chT Premier League"]
[Site "Belgrade"]
[Date "2004.10.01"]
[Round "7"]
[White "Skare, Goran"]
[Black "Gruic, Lazar"]
[Result "0-1"]
[WhiteElo "2320"]
[BlackElo "2332"]
[PlyCount "107"]
[EventDate "2004.09.25"]
[EventType "team"]
[EventRounds "9"]
[EventCountry "YUG"]
[SourceTitle "CBM 102 Extra"]
[Source "ChessBase"]
[SourceDate "2004.11.03"]
[SourceVersion "1"]
[SourceVersionDate "2004.11.03"]
[SourceQuality "1"]

1. d4 Nf6 2. c4 c5 3. d5 d6 4. Nc3 g6 5. e4 Bg7 6. Be2 0-0 7. Bg5 h6 8. Bf4 a6 9. a4 Qa5 10. Bd2 e6 11. Nf3 exd5 12. exd5 Qd8 13. 0-0 Re8 14. Re1 Ne4 15. Nxe4 Rxe4 16. Qc1 Kh7 17. Bd3 Rxe1+ 18. Nxe1 Nd7 19. f4 f5 20. Qc2 Bd4+ 21. Kh1 Nf8 22. Nf3 Bf6 23. h3 b6 24. Rg1 h5 25. Bc3 Kg7 26. Re1 Nh7 27. Qb3 Ra7 28. Bxf6+ Kxf6 29. a5 bxa5 30. Bc2 Kf7 31. Qc3 Re7 32. Rxe7+ Qxe7 33. Qxa5 Kg7 34. Ba4 Kh6 35. Qd2 Nf6 36. Ng5 Ne4 37. Qe3 Qf6 38. Nxe4 fxe4 39. Qxe4 Qxb2 40. Bc6 Qc1+ 41. Kh2 Bf5 42. Qe7 Qxf4+ 43. Kg1 h4 44. Qf8+ Kh5 45. Qh8+ Qh6 46. Qc3 Qf8 47. Bb7 a5 48. Qxa5 Qf6 49. Qc7 Kg5 50. Qa5 Qd4+ 51. Kh2 Qe5+ 52. Kh1 Kf4 53. Qa3 Qe3 54. Qa6 0-1

[Event "Serbia-chT2"]
[Site "Belgrade"]
[Date "2003.09.27"]
[Round "1"]
[White "Gruic, Lazar"]
[Black "Djokic, Nenad"]
[Result "1/2-1/2"]
[WhiteElo "2333"]
[BlackElo "2289"]
[PlyCount "105"]
[EventDate "2003.09.27"]
[EventType "team"]
[EventRounds "9"]
[EventCountry "YUG"]
[SourceTitle "CBM 096 Extra"]
[Source "ChessBase"]
[SourceDate "2003.10.22"]
[SourceVersion "2"]
[SourceVersionDate "2003.10.20"]
[SourceQuality "1"]

1. e4 c5 2. Nf3 Nc6 3. Bb5 e6 4. Bxc6 bxc6 5. d3 Ne7 6. h4 h5 7. Nbd2 Ng6 8. Nc4 Qc7 9. Bd2 d5 10. Ne3 Be7 11. g3 d4 12. Nc4 e5 13. Ba5 Qb8 14. Nfd2 Bg4 15. f3 Be6 16. Qe2 Nf8 17. Nb3 Nd7 18. Bd2 Nb6 19. Nca5 Qc8 20. c3 dxc3 21. Bxc3 f6 22. Bd2 Na4 23. Be3 Qa6 24. 0-0 Rd8 25. Rfd1 0-0 26. Nc4 Rd7 27. Qc2 Bxc4 28. dxc4 Rfd8 29. Rxd7 Rxd7 30. Nc1 Nb6 31. b3 Qa5 32. Nd3 Na8 33. Rd1 Nc7 34. Nf2 Rxd1+ 35. Qxd1 Ne6 36. Qd2 Qxd2 37. Bxd2 Nd4 38. Kg2 Kf7 39. Nd3 g6 40. Kf2 Ke6 41. Ba5 Bd6 42. Bc3 f5 43. Bb2 Nc2 44. Bc3 Nb4 45. Bxb4 cxb4 46. Ke3 a5 47. g4 fxg4 48. fxg4 Be7 49. g5 Kd6 50. Kf3 Bd8 51. Kg3 Bb6 52. Kf3 Bd4 53. Kg3 1/2-1/2

[Event "Serbia-ch"]
[Site "Kragujevac"]
[Date "2000.02.23"]
[Round "5"]
[White "Gruic, Lazar"]
[Black "Vratonjic, Slobodan"]
[Result "1/2-1/2"]
[WhiteElo "2331"]
[BlackElo "2441"]
[PlyCount "112"]
[EventDate "2000.02.19"]
[EventType "swiss"]
[EventRounds "9"]
[EventCountry "YUG"]
[SourceTitle "EXT 2001"]
[Source "ChessBase"]
[SourceDate "2000.11.22"]
[SourceVersion "1"]
[SourceVersionDate "2000.11.22"]
[SourceQuality "1"]

1. e4 e6 2. d4 c5 3. c3 d5 4. e5 Nc6 5. Nf3 Nge7 6. a3 Nf5 7. b4 cxd4 8. cxd4 Qb6 9. Be3 Be7 10. Nc3 Nxe3 11. fxe3 0-0 12. Be2 Qd8 13. 0-0 Bd7 14. Na4 b6 15. Ba6 Qe8 16. Nc3 Bc8 17. Bd3 a5 18. b5 Na7 19. Qb3 Bd7 20. Rab1 a4 21. Nxa4 Nxb5 22. Bxb5 Bxb5 23. Qxb5 Qxb5 24. Rxb5 Rxa4 25. Rxb6 Rxa3 26. Re1 Rc8 27. Rb2 h5 28. h3 Rc7 29. Kf2 Kh7 30. Ree2 Rac3 31. Rb8 Kg6 32. Rb1 Kf5 33. g4+ hxg4 34. hxg4+ Kg6 35. Rd1 Ra3 36. Rdd2 Rac3 37. Rd1 Bg5 38. Rdd2 Ra3 39. Rd1 Rcc3 40. Nxg5 Kxg5 41. Kf3 Rab3 42. Rh1 Rd3 43. Rh5+ Kg6 44. Kf4 Rd1 45. Rg5+ Kh7 46. Rh5+ Kg8 47. Rhh2 f6 48. exf6 gxf6 49. Rb2 Rf1+ 50. Rhf2 Rxf2+ 51. Rxf2 Kg7 52. Ra2 Kg6 53. Ra6 Kf7 54. Ra7+ Kf8 55. Ra6 Kf7 56. Ra7+ Kf8 1/2-1/2

[Event "YUG-ch sf"]
[Site "Kladovo"]
[Date "1996.??.??"]
[Round "?"]
[White "Gruic, Lazar"]
[Black "Arsovic, Zoran"]
[Result "0-1"]
[WhiteElo "2340"]
[BlackElo "2460"]
[PlyCount "120"]
[EventDate "1996.??.??"]
[EventType "swiss"]
[EventRounds "11"]
[EventCountry "YUG"]
[SourceTitle "EXT 2000"]
[Source "ChessBase"]
[SourceDate "1999.11.16"]
[SourceVersion "1"]
[SourceVersionDate "1999.11.16"]
[SourceQuality "1"]

1. e4 c5 2. Nf3 e6 3. c3 d5 4. e5 Nc6 5. d4 Nge7 6. Bd3 cxd4 7. cxd4 Nf5 8. Bxf5 exf5 9. Nc3 Be6 10. h4 h6 11. Ne2 Qb6 12. Kf1 Be7 13. b3 0-0-0 14. Kg1 Kb8 15. h5 Rc8 16. Nf4 Rc7 17. Rh3 Rhc8 18. Rg3 Bf8 19. Be3 Nb4 20. Ne1 Qb5 21. Nxe6 fxe6 22. Rg6 Qd7 23. g4 fxg4 24. Qxg4 Re8 25. Ng2 Rc6 26. f4 Qc8 27. Rf1 Nxa2 28. f5 exf5 29. Rxf5 Nc3 30. Rxc6 bxc6 31. Qg6 Bb4 32. Nf4 Ne4 33. Rf7 Ng5 34. Rf5 Bd2 35. Bxd2 Nf3+ 36. Kf2 Nxd2 37. e6 Ne4+ 38. Kg2 Nf6 39. Qf7 Rf8 40. Qg6 Qe8 41. Qxe8+ Rxe8 42. Kf3 Kc7 43. Ke3 Kd6 44. Kd3 Rb8 45. Kc3 a5 46. Re5 c5 47. Rf5 cxd4+ 48. Kxd4 Rb4+ 49. Kc3 Re4 50. Kd3 Re1 51. Kd2 Rg1 52. Kd3 Rg5 53. Rxg5 hxg5 54. Nh3 Ne4 55. Kd4 Nc5 56. e7 Ne6+ 57. Kc3 Kxe7 58. b4 axb4+ 59. Kxb4 Kf6 60. Kc3 g4 0-1

[Event "YUG-ch sf"]
[Site "Niska Banja"]
[Date "1996.??.??"]
[Round "5"]
[White "Pap, Misa"]
[Black "Gruic, Lazar"]
[Result "1/2-1/2"]
[WhiteElo "2170"]
[BlackElo "2340"]
[PlyCount "68"]
[EventDate "1996.??.??"]
[EventType "swiss"]
[EventRounds "11"]
[EventCountry "YUG"]
[SourceTitle "EXT 2002"]
[Source "ChessBase"]
[SourceDate "2001.11.25"]
[SourceVersion "1"]
[SourceVersionDate "2001.11.25"]
[SourceQuality "1"]

1. e4 c5 2. c3 Nf6 3. e5 Nd5 4. d4 cxd4 5. Nf3 e6 6. cxd4 b6 7. Nc3 Nxc3 8. bxc3 Qc7 9. Bd2 d6 10. Bd3 Nd7 11. Ng5 Bb7 12. 0-0 dxe5 13. Qh5 g6 14. Qh3 Be7 15. Rae1 Qd8 16. f4 Bxg5 17. fxg5 Qe7 18. Bb5 0-0-0 19. a4 a6 20. Bxd7+ Rxd7 21. Rxe5 Qa3 22. a5 b5 23. Rxf7 Rxf7 24. Qxe6+ Rd7 25. Rc5+ Kb8 26. Qxd7 Qa1+ 27. Kf2 Rf8+ 28. Kg3 Qf1 29. Qd6+ Ka8 30. d5 Qf2+ 31. Kh3 Qf5+ 32. Kh4 Qf2+ 33. Kh3 Qf5+ 34. Kh4 Qf2+ 1/2-1/2

[Event "YUG-ch sf"]
[Site "Niska Banja"]
[Date "1996.??.??"]
[Round "1"]
[White "Paunovic, Dragan"]
[Black "Gruic, Lazar"]
[Result "1/2-1/2"]
[WhiteElo "2480"]
[BlackElo "2340"]
[PlyCount "108"]
[EventDate "1996.??.??"]
[EventType "swiss"]
[EventRounds "11"]
[EventCountry "YUG"]
[SourceTitle "EXT 2002"]
[Source "ChessBase"]
[SourceDate "2001.11.25"]
[SourceVersion "1"]
[SourceVersionDate "2001.11.25"]
[SourceQuality "1"]

1. Nf3 Nf6 2. g3 d5 3. Bg2 c6 4. 0-0 Bg4 5. d4 Nbd7 6. Nbd2 h6 7. Re1 Bf5 8. c4 e6 9. Qb3 Qb6 10. c5 Qc7 11. Nh4 Bh7 12. e4 dxe4 13. Nxe4 Nxe4 14. Bxe4 Bxe4 15. Rxe4 Nf6 16. Bf4 Qd7 17. Re2 Be7 18. Nf3 Nd5 19. Ne5 Qc8 20. Bd2 0-0 21. Qf3 Bf6 22. Qg4 Kh7 23. Qh5 Bxe5 24. dxe5 Qe8 25. Qh3 Qe7 26. Rc1 Rfd8 27. f4 Qf8 28. f5 exf5 29. Qxf5+ Kg8 30. e6 fxe6 31. Qxe6+ Qf7 32. Qxf7+ Kxf7 33. Rf1+ Kg8 34. Bf4 Nxf4 35. Rxf4 Re8 36. Kf2 Rxe2+ 37. Kxe2 Rd8 38. Ke3 Rd7 39. Rd4 Re7+ 40. Re4 Rd7 41. Re8+ Kf7 42. Rb8 Kf6 43. Ke4 Re7+ 44. Kf4 Rd7 45. a3 Rd4+ 46. Ke3 Rd7 47. Ke4 Ke6 48. g4 Kf6 49. h4 Re7+ 50. Kf4 Rd7 51. Ke4 Re7+ 52. Kd4 Rd7+ 53. Ke4 Re7+ 54. Kf4 Rd7 1/2-1/2

[Event "YUG-ch sf"]
[Site "Niska Banja"]
[Date "1996.??.??"]
[Round "11"]
[White "Perunovic, Miodrag"]
[Black "Gruic, Lazar"]
[Result "1/2-1/2"]
[WhiteElo "2165"]
[BlackElo "2340"]
[PlyCount "59"]
[EventDate "1996.??.??"]
[EventType "swiss"]
[EventRounds "11"]
[EventCountry "YUG"]
[SourceTitle "EXT 2002"]
[Source "ChessBase"]
[SourceDate "2001.11.25"]
[SourceVersion "1"]
[SourceVersionDate "2001.11.25"]
[SourceQuality "1"]

1. e4 c5 2. c3 d5 3. exd5 Qxd5 4. d4 Nc6 5. Nf3 Bg4 6. Be2 e6 7. 0-0 Nf6 8. Be3 cxd4 9. cxd4 Be7 10. Nc3 Qd6 11. Nb5 Qd8 12. Ne5 Bxe2 13. Qxe2 Nb4 14. Nc3 0-0 15. Bg5 Nbd5 16. Qf3 Rc8 17. Bxf6 Bxf6 18. Nxd5 Qxd5 19. Qxd5 exd5 20. Rac1 Bg5 21. Rc5 Rfd8 22. f4 Be7 23. Rcc1 Bb4 24. Nf3 Rc4 25. b3 Rcc8 26. Kf2 Ba3 27. Rxc8 Rxc8 28. Re1 f6 29. f5 Kf7 30. Re2 1/2-1/2

[Event "Tivat op"]
[Site "Tivat"]
[Date "1995.??.??"]
[Round "4"]
[White "Gruic, Lazar"]
[Black "Azaric, Slavko"]
[Result "1-0"]
[WhiteElo "2350"]
[BlackElo "2370"]
[PlyCount "101"]
[EventDate "1995.??.??"]
[EventType "swiss"]
[EventRounds "11"]
[EventCountry "YUG"]
[SourceTitle "EXT 2000"]
[Source "ChessBase"]
[SourceDate "1999.11.16"]
[SourceVersion "1"]
[SourceVersionDate "1999.11.16"]
[SourceQuality "1"]

1. c4 Nf6 2. Nc3 g6 3. g3 Bg7 4. Bg2 0-0 5. Nf3 d6 6. 0-0 c5 7. a3 Nc6 8. Rb1 Bf5 9. d3 Qc8 10. Re1 Bh3 11. Bh1 a6 12. b4 cxb4 13. axb4 b5 14. cxb5 axb5 15. Nxb5 Rb8 16. Nbd4 Nxd4 17. Nxd4 Nd5 18. Bxd5 Bxd4 19. Bd2 Rb5 20. Bf3 Be6 21. e3 Bb6 22. Qc1 Qb8 23. Qc6 Rf5 24. Qb7 Qd8 25. Be4 Rh5 26. Rec1 Rb5 27. Qa6 Rh5 28. Rc6 Bc7 29. Rbc1 Bb8 30. Bf3 Rf5 31. Bg4 Rxf2 32. Kxf2 Bxg4 33. Qb7 e5 34. R6c2 Qf6+ 35. Kg2 Qe6 36. Kg1 h5 37. Qg2 Ba7 38. Ra1 Bh3 39. Qe4 d5 40. Qf3 Bb6 41. b5 Bg4 42. Qf2 Rb8 43. Rc6 Qe7 44. Qf6 Qxf6 45. Rxf6 Bf5 46. Ra3 Bc5 47. Rb3 Bd7 48. Ra6 Bb6 49. Kf2 Be6 50. Rb2 Bf5 51. Ba5 1-0

[Event "YUG-ch sf"]
[Site "Nis"]
[Date "1995.??.??"]
[Round "?"]
[White "Gruic, Lazar"]
[Black "Pikula, Dejan"]
[Result "1/2-1/2"]
[WhiteElo "2350"]
[BlackElo "2450"]
[PlyCount "64"]
[EventDate "1995.??.??"]
[EventType "swiss"]
[EventRounds "11"]
[EventCountry "YUG"]
[SourceTitle "EXT 2000"]
[Source "ChessBase"]
[SourceDate "1999.11.16"]
[SourceVersion "1"]
[SourceVersionDate "1999.11.16"]
[SourceQuality "1"]

1. e4 c5 2. Nf3 e6 3. c3 Nf6 4. d3 d6 5. g3 Be7 6. Bg2 0-0 7. 0-0 Nc6 8. Re1 b6 9. d4 cxd4 10. cxd4 d5 11. e5 Ne4 12. Nbd2 Nxd2 13. Bxd2 Nb4 14. Bf1 a5 15. a3 Nc6 16. Rc1 Bd7 17. h4 a4 18. Bg5 Na5 19. Bd3 f6 20. exf6 gxf6 21. Bf4 Rc8 22. Qe2 Nb3 23. Rxc8 Qxc8 24. Ne5 fxe5 25. Qg4+ Kh8 26. Qh5 e4 27. Rxe4 Qe8 28. Be5+ Bf6 29. Qh6 dxe4 30. Bxf6+ Rxf6 31. Qxf6+ Kg8 32. Bxe4 Qf7 1/2-1/2

[Event "Belgrade-B"]
[Site "Belgrade"]
[Date "1991.??.??"]
[Round "2"]
[White "Gruic, Lazar"]
[Black "Burmakin, Vladimir"]
[Result "1/2-1/2"]
[WhiteElo "2365"]
[BlackElo "2315"]
[PlyCount "70"]
[EventDate "1991.??.??"]
[EventType "tourn"]
[EventRounds "13"]
[EventCountry "YUG"]
[EventCategory "3"]
[SourceTitle "EXT 1997"]
[Source "ChessBase"]
[SourceDate "1996.11.15"]
[SourceVersion "1"]
[SourceVersionDate "1996.11.15"]
[SourceQuality "1"]

1. e4 c6 2. d4 d5 3. Nd2 dxe4 4. Nxe4 Bf5 5. Ng3 Bg6 6. Nf3 Nd7 7. h4 h6 8. Bd3 Bxd3 9. Qxd3 e6 10. Bd2 Qc7 11. 0-0-0 Ngf6 12. Kb1 0-0-0 13. c4 c5 14. Qe2 Bd6 15. Ne4 Nxe4 16. Qxe4 Nf6 17. Qe2 a6 18. Bc3 cxd4 19. Bxd4 Qc6 20. g3 Rd7 21. c5 Bc7 22. Bxf6 Rxd1+ 23. Rxd1 gxf6 24. Qe3 a5 25. a3 Rd8 26. Rxd8+ Bxd8 27. Nd2 h5 28. Nc4 Be7 29. b4 axb4 30. axb4 Qb5 31. Qc3 Kb8 32. Kc2 Qa6 33. Kd1 Qa2 34. Ke1 Qb1+ 35. Ke2 Qe4+ 1/2-1/2

[Event "Belgrade op"]
[Site "Belgrade"]
[Date "1991.??.??"]
[Round "?"]
[White "Gruic, Lazar"]
[Black "Karaklajic, Nikola"]
[Result "1/2-1/2"]
[WhiteElo "2365"]
[BlackElo "2375"]
[PlyCount "83"]
[EventDate "1991.??.??"]
[EventType "swiss"]
[EventRounds "11"]
[EventCountry "YUG"]
[SourceTitle "EXT 1997"]
[Source "ChessBase"]
[SourceDate "1996.11.15"]
[SourceVersion "1"]
[SourceVersionDate "1996.11.15"]
[SourceQuality "1"]

1. e4 d5 2. exd5 Nf6 3. d4 Nxd5 4. c4 Nb6 5. Nf3 Bg4 6. Be2 e6 7. h3 Bh5 8. Nc3 Nc6 9. Be3 Bxf3 10. Bxf3 Nxc4 11. Bxc6+ bxc6 12. Qa4 Nb6 13. Qxc6+ Qd7 14. Qxd7+ Kxd7 15. Ke2 Bb4 16. Rad1 Bxc3 17. bxc3 Rhb8 18. Kd3 Na4 19. Rb1 Nb2+ 20. Kc2 Nc4 21. Kd3 Nxe3 22. fxe3 Rb6 23. Rb3 Ra6 24. a4 f5 25. Rb5 Rb6 26. Rhb1 Rab8 27. R1b4 Kd6 28. c4 Rxb5 29. axb5 a6 30. e4 axb5 31. cxb5 g5 32. exf5 exf5 33. Kc4 f4 34. Ra4 h5 35. Ra6+ Rb6 36. Ra8 c6 37. bxc6 Rxc6+ 38. Kd3 Ke7 39. Rh8 Re6 40. Rxh5 Re3+ 41. Kc4 Rg3 42. h4 1/2-1/2

[Event "Belgrade op"]
[Site "Belgrade"]
[Date "1991.??.??"]
[Round "?"]
[White "Gruic, Lazar"]
[Black "Pantaleev, Dimitar Dimitrov"]
[Result "1-0"]
[WhiteElo "2365"]
[BlackElo "2285"]
[PlyCount "77"]
[EventDate "1991.??.??"]
[EventType "swiss"]
[EventRounds "11"]
[EventCountry "YUG"]
[SourceTitle "EXT 1997"]
[Source "ChessBase"]
[SourceDate "1996.11.15"]
[SourceVersion "1"]
[SourceVersionDate "1996.11.15"]
[SourceQuality "1"]

1. e4 e5 2. Nf3 Nc6 3. Bc4 Be7 4. 0-0 d6 5. c3 Nf6 6. d3 0-0 7. Bb3 Be6 8. Re1 Bxb3 9. Qxb3 Rb8 10. a4 Nd7 11. d4 exd4 12. cxd4 Bf6 13. Be3 Re8 14. Nc3 a5 15. Rad1 Nb4 16. e5 Be7 17. e6 fxe6 18. Qxe6+ Kh8 19. Qf5 Rf8 20. Qxa5 d5 21. Qb5 c6 22. Qe2 Bd6 23. Ne5 Qe7 24. Bg5 Nf6 25. Qf3 Qc7 26. Qh3 Rbe8 27. Bxf6 gxf6 28. Nf3 Qf7 29. Qf5 Kg7 30. g3 Rxe1+ 31. Rxe1 Re8 32. Rxe8 Qxe8 33. Kg2 Bf8 34. Nh4 Qf7 35. Ne2 Kh8 36. Nf4 Kg8 37. Qc8 Nc2 38. Nf5 h5 39. Nh6+ 1-0

[Event "Belgrade-B"]
[Site "Belgrade"]
[Date "1991.??.??"]
[Round "4"]
[White "Gruic, Lazar"]
[Black "Shuraev, Andrei"]
[Result "1/2-1/2"]
[WhiteElo "2365"]
[BlackElo "2360"]
[PlyCount "113"]
[EventDate "1991.??.??"]
[EventType "tourn"]
[EventRounds "13"]
[EventCountry "YUG"]
[EventCategory "3"]
[SourceTitle "EXT 1997"]
[Source "ChessBase"]
[SourceDate "1996.11.15"]
[SourceVersion "1"]
[SourceVersionDate "1996.11.15"]
[SourceQuality "1"]

1. e4 c5 2. Nf3 Nc6 3. d4 cxd4 4. Nxd4 Nf6 5. Nc3 e5 6. Ndb5 d6 7. Nd5 Nxd5 8. exd5 Nb8 9. c4 Be7 10. Be3 0-0 11. Qd2 a6 12. Nc3 f5 13. f3 Bh4+ 14. g3 f4 15. Bf2 Bg5 16. g4 Nd7 17. h4 Be7 18. Ne4 Nf6 19. Bd3 Nxe4 20. Bxe4 Bd7 21. Rc1 Rc8 22. b4 Be8 23. h5 g6 24. Qd3 Kg7 25. hxg6 hxg6 26. Kf1 Bf7 27. Kg2 Qc7 28. c5 Qb8 29. a3 a5 30. cxd6 Bxd6 31. bxa5 Rxc1 32. Rxc1 Rh8 33. Rb1 Qg8 34. Rh1 Rxh1 35. Kxh1 Qc8 36. Kg2 Qc1 37. a4 Be8 38. a6 bxa6 39. Qxa6 Qa3 40. a5 Bc5 41. Bxc5 Qxc5 42. Qb6 Qc4 43. Qb2 Kh6 44. Qc2 Qb5 45. Qa2 Qa6 46. Qd2 Qc4 47. d6 Bb5 48. Kh2 Qf1 49. g5+ Kg7 50. Qc2 Bd7 51. Qg2 Qe1 52. a6 Qh4+ 53. Kg1 Qe1+ 54. Kh2 Qh4+ 55. Kg1 Qe1+ 56. Qf1 Qg3+ 57. Qg2 1/2-1/2

[Event "Belgrade-B"]
[Site "Belgrade"]
[Date "1991.??.??"]
[Round "1"]
[White "Nikolic, Sava N"]
[Black "Gruic, Lazar"]
[Result "1-0"]
[WhiteElo "2370"]
[BlackElo "2365"]
[PlyCount "65"]
[EventDate "1991.??.??"]
[EventType "tourn"]
[EventRounds "13"]
[EventCountry "YUG"]
[EventCategory "3"]
[SourceTitle "EXT 1997"]
[Source "ChessBase"]
[SourceDate "1996.11.15"]
[SourceVersion "1"]
[SourceVersionDate "1996.11.15"]
[SourceQuality "1"]

1. Nf3 g6 2. g3 Bg7 3. Bg2 Nf6 4. 0-0 0-0 5. d3 d5 6. Nbd2 c5 7. c3 Nc6 8. e4 e5 9. exd5 Nxd5 10. Re1 Re8 11. Nc4 Bf5 12. Ng5 Nb6 13. Ne4 Bxe4 14. Bxe4 Nxc4 15. dxc4 Qc7 16. Be3 Ne7 17. Qa4 Nf5 18. Bxf5 gxf5 19. Rad1 Red8 20. Rxd8+ Rxd8 21. Qxa7 Bf8 22. Qa4 Rd3 23. Qc2 Qd7 24. Qe2 b6 25. Bd4 e4 26. Be3 Bg7 27. Qh5 Qe6 28. a4 h6 29. a5 bxa5 30. Bxc5 Qxc4 31. Be3 Qe6 32. Ra1 Qd5 33. h4 1-0

[Event "Belgrade op"]
[Site "Belgrade"]
[Date "1991.??.??"]
[Round "?"]
[White "Popchev, Milko"]
[Black "Gruic, Lazar"]
[Result "1/2-1/2"]
[WhiteElo "2450"]
[BlackElo "2365"]
[PlyCount "45"]
[EventDate "1991.??.??"]
[EventType "swiss"]
[EventRounds "11"]
[EventCountry "YUG"]
[SourceTitle "EXT 1997"]
[Source "ChessBase"]
[SourceDate "1996.11.15"]
[SourceVersion "1"]
[SourceVersionDate "1996.11.15"]
[SourceQuality "1"]

1. e4 c5 2. g3 d5 3. exd5 Qxd5 4. Nf3 Nc6 5. Bg2 Qe6+ 6. Kf1 Nf6 7. d3 Qd6 8. Na3 Qd8 9. h3 e6 10. Kg1 Be7 11. Kh2 0-0 12. Nc4 Bd7 13. Nfe5 Rc8 14. Nxd7 Nxd7 15. Bf4 Nb6 16. Ne5 Nxe5 17. Bxe5 Bf6 18. Qe2 Bxe5 19. Qxe5 Qd4 20. Rhe1 Qxf2 21. Re2 Qd4 22. Qxd4 cxd4 23. Bxb7 1/2-1/2

[Event "Belgrade-B"]
[Site "Belgrade"]
[Date "1991.??.??"]
[Round "3"]
[White "Zakic, Srdjan"]
[Black "Gruic, Lazar"]
[Result "1/2-1/2"]
[WhiteElo "2350"]
[BlackElo "2365"]
[PlyCount "53"]
[EventDate "1991.??.??"]
[EventType "tourn"]
[EventRounds "13"]
[EventCountry "YUG"]
[EventCategory "3"]
[SourceTitle "EXT 1997"]
[Source "ChessBase"]
[SourceDate "1996.11.15"]
[SourceVersion "1"]
[SourceVersionDate "1996.11.15"]
[SourceQuality "1"]

1. e4 c5 2. Nf3 d6 3. Bb5+ Bd7 4. Bxd7+ Qxd7 5. 0-0 Nc6 6. c3 Nf6 7. d4 cxd4 8. cxd4 d5 9. e5 Ng8 10. Nc3 e6 11. Ne2 Nge7 12. Ng3 g6 13. Bg5 Bg7 14. Qd2 h6 15. Be3 0-0-0 16. b4 Nf5 17. Nxf5 gxf5 18. Rfc1 Kb8 19. Ne1 Ne7 20. Nd3 Nc8 21. Nc5 Qe8 22. a4 Nb6 23. Qe2 Nc4 24. Bf4 Bf8 25. Qf3 Bxc5 26. dxc5 Rc8 27. a5 1/2-1/2